HSC approves revised asbestos regulations (Record no. 77470)

MARC details
000 -LEADER
fixed length control field 01237cab a2200229 4500
001 - CONTROL NUMBER
control field ##L134348
008 - FIXED-LENGTH DATA ELEMENTS--GENERAL INFORMATION
fixed length control field 060728n2006 000 0 eng u
035 ## - SYSTEM CONTROL NUMBER
System control number (Sirsi) u134348
041 0# - LANGUAGE CODE
Language code of text/sound track or separate title eng
110 1# - MAIN ENTRY--CORPORATE NAME
Corporate name or jurisdiction name as entry element Great Britain
Subordinate unit Health and Safety Executive
245 00 - TITLE STATEMENT
Title HSC approves revised asbestos regulations
260 ## - PUBLICATION, DISTRIBUTION, ETC.
Date of publication, distribution, etc. 2006
490 #0 - SERIES STATEMENT
Series statement GNN Press Release
Volume/sequential designation (GNN136357P) 28 July 2006
520 ## - SUMMARY, ETC.
Summary, etc. The Health and Safety Commission (HSC) is to recommend approval of the draft Control of Asbestos Regulations which will strengthen worker protection by reducing exposure limits and by introducing detailed mandatory training for work with asbestos. Work with textured decorative coatings containing asbestos will, however, be removed from the licensing regime on the basis that levels of exposure are low. The HSC hopes to have the new regulations in place by the end of 2006.
590 ## - LOCAL NOTE (RLIN)
Local note IKA010806, KA
650 24 - SUBJECT ADDED ENTRY--TOPICAL TERM
Topical term or geographic name entry element DIRECTIVE 2003/18/EC
650 24 - SUBJECT ADDED ENTRY--TOPICAL TERM
Topical term or geographic name entry element CONTROL OF ASBESTOS AT WORK REGULATIONS 2002
651 #4 - SUBJECT ADDED ENTRY--GEOGRAPHIC NAME
Geographic name GREAT BRITAIN
690 ## - LOCAL SUBJECT ADDED ENTRY--TOPICAL TERM (OCLC, RLIN)
Topical term or geographic name as entry element MANAGEMENT-HEALTH AND SAFETY-HAZARDOUS SUBSTANCES-ASBESTOS
856 41 - ELECTRONIC LOCATION AND ACCESS
Uniform Resource Identifier <a href="https://www.hse.gov.uk/press/2006/c06015.htm">https://www.hse.gov.uk/press/2006/c06015.htm</a>
Public note View the item free of charge at www.hse.gov.uk/...
942 ## - ADDED ENTRY ELEMENTS (KOHA)
Suppress in OPAC 0
Holdings
Withdrawn status Lost status Source of classification or shelving scheme Damaged status Not for loan Home library Current library Shelving location Date acquired Total Checkouts Full call number Barcode Date last seen Copy number Price effective from Koha item type
    Dewey Decimal Classification     Virtual Virtual Online 28/07/2006   ONLINE PUBLICATION 134348-1001 06/08/2019 1 06/08/2019 Journal article